00936nam a2200265Ia 450000500170000000800410001702000150005810000230007324501100009625000190020630000430022549000280026865000380029665000290033465000360036365000370039965000350043670000380047126400270050933600270053633700330056333800280059604000350062408400110065920220317000706.0160601s2001 sp a g 000 0 spa  a84241578501 aMuck, Heike, Adapt13aLa ilustre fregona y otros cuentos clásicos cadaptados por Heike Muck ; ilustraciones Guennadij Spirin a4a. edición  a102 páginas bilustraciones c27 cm  aColección Cascanueces142LEMBaCuentos clásicos polacos 142LEMBaLiteratura polaca 142LEMBaRatones en la literatura 142LEMBaSoldados en la literatura 142LEMB aReyes en la literatura 1 aSpirin, Guennadijeilustraciones  aLeón bEverestc2001 atextobtxt2rdacontent asin mediaciónbn2rdamedia avolumenbnc2rdacarrier aCO-BoRNBPbspaerdacCO-BoRNBP aC MUC1